Normal view
MARC view
Entry Topical Term
001 - CONTROL NUMBER
- control field: 8747
003 - CONTROL NUMBER IDENTIFIER
- control field: AM-YEHGA
005 - DATE AND TIME OF LATEST TRANSACTION
- control field: 20250618063805.0
008 - FIXED-LENGTH DATA ELEMENTS
- fixed length control field: 180208|a|ac|nnbabn fb ana ||
040 ## - CATALOGING SOURCE
- Original cataloging agency: AM-YEHGA
150 ## - HEADING--TOPICAL TERM
- Topical term or geographic name entry element: Չինական գրականություն
450 ## - SEE FROM TRACING--TOPICAL TERM
- Topical term or geographic name entry element: Chinese literature
450 ## - SEE FROM TRACING--TOPICAL TERM
- Topical term or geographic name entry element: Littérature chinoise
450 ## - SEE FROM TRACING--TOPICAL TERM
- Topical term or geographic name entry element: Chinesische Literatur
450 ## - SEE FROM TRACING--TOPICAL TERM
- Topical term or geographic name entry element: Китайская литература
550 ## - SEE ALSO FROM TRACING--TOPICAL TERM
- Topical term or geographic name entry element: Գրականություն
- Control subfield: g
ՀՀ Գիտությունների ազգային ակադեմիայի հիմնարար գիտական գրադարան = Fundamental Scientific Library of NAS RA
All site content, except where otherwise noted, is licensed under a